Personnage One Punch Man - Statistics

General Stats
  • This quiz has been taken 22 times
  • The average score is 26 of 202
Answer Stats
# Personnage % Correct
1 Saitama
100%
127 Dr. Genus
87%
147 Garoh
87%
15 Genos
87%
4 Bang
67%
8 King
67%
3 Tatsumaki
67%
16 Batte-man
60%
75 Al Dente Marcel
53%
67 Blackhole Marcel
53%
13 Chien de Garde-man
53%
77 Girl Marcel
53%
78 Hatter Marcel
53%
79 Jungle Marcel
53%
80 Mask Marcel
53%
17 Master Marcel
53%
18 Pri-Pri Prisonnier
53%
81 Professeur Marcel
53%
82 Racer Marcel
53%
83 Rockabilly Marcel
53%
129 Sonic
53%
84 Swimmer Marcel
53%
74 Tiger Marcel
53%
79 Vegetarian Marcel
53%
2 Blast
47%
7 Metal Knight
47%
72 Roulettes Rider
47%
36 Smile Man
40%
9 Zombiman
40%
86 Angry Man
33%
5 Atomic Samouraï
33%
19 Bogosse Masqué
33%
135 Boros
33%
14 Flashy Flash
33%
49 Fubuki
33%
155 Grande Scolopendre Patriarche
33%
148 Orochi
33%
6 Petit Empereur
33%
11 Pur Porc
33%
132 Roi des fauves
33%
145 Roi des profondeurs
33%
12 Super Black Brillant
33%
142 Vaccine-man
33%
62 Crying Man
27%
42 Doll Master
27%
56 Effluve Master
27%
10 Mecavalier
27%
97 Pad-Man
27%
31 Éclairomax
20%
131 Scaravageur
20%
166 Coupe-Tête
13%
153 Eau Minérale Naturelle Dévian
13%
35 Golden Ball
13%
156 Grand Rex
13%
134 Mousmétique
13%
37 Moustachute
13%
159 Noirozoïde
13%
136 Psychopoulpe
13%
111 Suiryû
13%
128 Tête d'enclume
13%
46 Vipaire au poing
13%
108 Bomb
7%
138 Carniplante
7%
68 Champignak
7%
112 Charanko
7%
143 Crabotaure
7%
133 Cyborgorilla
7%
30 Genji le Survolté
7%
95 Groponey
7%
158 Miaou
7%
151 Mutant
7%
57 Pan Pan
7%
149 Scrutt
7%
146 Soja Maigrelet
7%
26 Stinger
7%
99 Sytch
7%
196 Accel
0%
44 Air
0%
71 Ananasman
0%
130 Appolo
0%
165 Aspiratueur
0%
110 Baboum
0%
109 Bakuzan
0%
100 Baurgne
0%
122 Benpatsu
0%
53 Binocle
0%
24 Blue Fire
0%
58 Boucher
0%
118 Bouffi
0%
93 Bretelles Macabres
0%
22 Bushidozer
0%
101 Busho
0%
94 Cadre Blindé
0%
164 Calinou
0%
163 Cancrelatte
0%
64 Capitaine Mizuki
0%
190 Chaperange
0%
104 Chenapon
0%
47 Choupette
0%
115 Choze
0%
181 Colonel Gorille
0%
152 Commandant Cheum
0%
45 Crapaucheur
0%
139 Dark Matter Gunner
0%
25 Death-Gatling
0%
176 Démarron
0%
185 Destrochloridium
0%
167 Divinsecte
0%
55 Double Impact
0%
168 Drakul
0%
126 Dr. Kidob
0%
175 Dynamitor
0%
154 Empereur Vanupieds
0%
202 Empty Void
0%
105 Falot
0%
50 Faucils
0%
43 Feather
0%
162 Flame
0%
40 Forte
0%
61 Frag
0%
54 Frelon Rose
0%
85 Futoshi Boustifaille
0%
140 G4
0%
141 G5
0%
106 Gamin tête de cul
0%
91 Gasmask Cowboy
0%
117 Gatlin
0%
52 Goldokorn
0%
96 Gominator
0%
33 Green
0%
113 Grimasse
0%
169 Grobinet
0%
119 Hamkichi
0%
192 Haragiri
0%
48 Heavy Kong
0%
90 Hyottoko
0%
20 Iaïron
0%
120 Jakmen
0%
59 Jet Nice Guy
0%
170 Léviatank
0%
65 Lili au Tribaton
0%
124 Ling Ling
0%
123 Logic
0%
171 Lucif'Hair
0%
51 Macak
0%
157 Mâchoire
0%
198 Mad Devil Yankee
0%
27 Magicman
0%
182 Maiko Plasma
0%
187 Maléfiquoeil
0%
172 Maléfixe
0%
199 McCoy
0%
121 Mentai
0%
144 Mirette
0%
186 Mister Joe
0%
87 Mohican
0%
183 Morveduse
0%
137 Mutatron
0%
38 Narcissik
0%
60 Needlestar
0%
41 Nin-Nin
0%
66 Nonos
0%
32 One-Shot
0%
193 Ouragane
0%
125 Pabrika
0%
29 Papillon DX
0%
160 Phénix
0%
88 Poison
0%
184 Poisson Charge
0%
173 Princesse Supersado
0%
98 Psychodroïde
0%
150 Psykos
0%
174 Puantor
0%
197 Raiden
0%
189 Raptra
0%
89 Redpif
0%
188 Reptra
0%
177 Rhino-féroce
0%
102 Ridma
0%
103 Rupin
0%
195 Sauley
0%
178 Sécatoroi
0%
73 Shell Chopeur
0%
201 Shido
0%
69 Shooter
0%
28 Soprate
0%
34 Sourcilune
0%
92 Studless
0%
191 Suiko
0%
179 Super-mouse
0%
23 Tank-Tanga
0%
70 Ténébrolame
0%
39 Terry Peach
0%
63 Trappeur
0%
21 Travestoc
0%
180 Unicorne
0%
116 Volten
0%
161 Wind
0%
200 Yuta
0%
114 Zakos
0%
194 Zanbaï
0%
107 Zenko
0%
No matching quizzes found
Score Distribution
Percent of People with Each Score
Percentile by Number Answered
Your Score History
You have not taken this quiz